000 01036nam a2200253 a 4500
001 53669
003 BD-RjUL
005 20211209080011.0
008 161022s1973 ii ||||| |||| 00| 0 ben d
020 _c: Tk. 10.00
035 _a(BD-RjUL)53791
040 _aBD-RjUL
_bben
_cBD-RjUL
041 _aben
082 _223
_a891.4409
_bMAA 1973
100 _aমজুমদার, শ্রীমোহিতলাল
_9147506
245 1 0 _aআধুনিক বাংলা সাহিত্য /
_cশ্রীমোহিতলাল মজুমদার
250 _a৭ম সং.
260 _aকলিকাতা :
_bজেনারেল প্রিণ্টার্স,
_c১৯৭৩
300 _a[১৩], ৩৩৪ পৃ. ;
_c২৩ সেমি.
500 _aনির্দেশিকা সংযুক্ত
650 _aবাংলা সাহিত্য
_xইতিহাস ও সমালোচনা
_9160395
650 _aBengali Literature
_xHistory and Criticism
_9160396
942 _2ddc
_cBK
999 _c53669
_d53669